Guidelines for drinking-water quality: surveilance and control of community supplies; (2nd ed.) (Record no. 76073)
[ view plain ]
| 000 -LEADER | |
|---|---|
| fixed length control field | 01461nam a2200265 a 4500 |
| 008 - FIXED-LENGTH DATA ELEMENTS--GENERAL INFORMATION | |
| fixed length control field | 081124s1997 ||||||||||||||||| || u |
| 020 ## - INTERNATIONAL STANDARD BOOK NUMBER | |
| International Standard Book Number | 9241545038 |
| 020 ## - INTERNATIONAL STANDARD BOOK NUMBER | |
| International Standard Book Number | 9241544805 |
| 050 ## - LIBRARY OF CONGRESS CALL NUMBER | |
| Classification number | TD 215 Wor |
| 110 ## - MAIN ENTRY--CORPORATE NAME | |
| Corporate name or jurisdiction name as entry element | World Health Organization (WHO) |
| 245 10 - TITLE STATEMENT | |
| Title | Guidelines for drinking-water quality: surveilance and control of community supplies; (2nd ed.) |
| 246 ## - | |
| -- | World Health Organization |
| 250 ## - EDITION STATEMENT | |
| Edition statement | 2nd ed. |
| 260 ## - PUBLICATION, DISTRIBUTION, ETC. | |
| Place of publication, distribution, etc. | Geneva : |
| Name of publisher, distributor, etc. | World Health Organization (WHO) |
| Date of publication, distribution, etc. | 1997 |
| 300 ## - PHYSICAL DESCRIPTION | |
| Extent | 3 v. : ill. |
| 350 ## - | |
| -- | 0.00 |
| 650 ## - SUBJECT ADDED ENTRY--TOPICAL TERM | |
| Topical term or geographic name entry element | WATER SUPPLY - STANDARDS |
| 650 ## - SUBJECT ADDED ENTRY--TOPICAL TERM | |
| Topical term or geographic name entry element | WATER |
| 650 ## - SUBJECT ADDED ENTRY--TOPICAL TERM | |
| Topical term or geographic name entry element | DRINKING WATER - STANDARDS - HANDBOOKS, MANUALS, ETC |
| 995 ## - | |
| -- | TEXTBOOKS (SBE) |
| -- | 0.00 |
| -- | 2680 |
| -- | CBU-SCHOOL TEXTBOOK COLLECTIONS |
| -- | 1 |
| -- | 0.00 |
| -- | SCHOOL TEXTBOOK |
| -- | 1 |
| -- | AVAILABLE |
| -- | Nov 24, 2008 |
| -- | 2680 |
| -- | School Collections |
| 995 ## - | |
| -- | MAIN LIBRARY OPEN ACCESS |
| -- | 0.00 |
| -- | 727316 |
| -- | CBU-MAIN LIBRARY (Kitwe) |
| -- | 4 |
| -- | 25.00 |
| -- | TD 370 Wor |
| -- | 4 |
| -- | AVAILABLE |
| -- | 018090 |
| -- | Main Library Open Access Collection |
| 995 ## - | |
| -- | MAIN LIBRARY OPEN ACCESS |
| -- | 0.00 |
| -- | 018086 |
| -- | CBU-MAIN LIBRARY (Kitwe) |
| -- | 3 |
| -- | 25.00 |
| -- | TD 370 Wor |
| -- | 1 |
| -- | LOST |
| -- | 018086 |
| -- | Main Library Open Access Collection |
| 995 ## - | |
| -- | MAIN LIBRARY OPEN ACCESS |
| -- | 0.00 |
| -- | 727315 |
| -- | CBU-MAIN LIBRARY (Kitwe) |
| -- | 2 |
| -- | 25.00 |
| -- | TD 370 Wor |
| -- | 3 |
| -- | AVAILABLE |
| -- | 018089 |
| -- | Main Library Open Access Collection |
| 995 ## - | |
| -- | MAIN LIBRARY OPEN ACCESS |
| -- | 0.00 |
| -- | 727313 |
| -- | CBU-MAIN LIBRARY (Kitwe) |
| -- | 1 |
| -- | 25.00 |
| -- | TD 370 Wor |
| -- | 2 |
| -- | AVAILABLE |
| -- | 018087 |
| -- | Main Library Open Access Collection |
| 999 ## - | |
| -- | 76073 |
| -- | 76073 |
| Withdrawn status | Lost status | Source of classification or shelving scheme | Damaged status | Not for loan | Permanent Location | Current Location | Shelving location | Date acquired | Total Checkouts | Full call number | Barcode | Date last seen | Copy number | Price effective from | Koha item type |
|---|---|---|---|---|---|---|---|---|---|---|---|---|---|---|---|
| CBU-MAIN LIBRARY, KITWE. | CBU-MAIN LIBRARY, KITWE. | 04/25/2023 | TD 215 Wor | 018090cMain Library | 04/25/2023 | 2 | 04/25/2023 | MONOGRAPH | |||||||
| CBU-MAIN LIBRARY, KITWE. | CBU-MAIN LIBRARY, KITWE. | 04/25/2023 | TD 215 Wor | 018086cMain Library | 04/25/2023 | 3 | 04/25/2023 | MONOGRAPH | |||||||
| CBU-MAIN LIBRARY, KITWE. | CBU-MAIN LIBRARY, KITWE. | 04/25/2023 | TD 215 Wor | 018089cMain Library | 04/25/2023 | 4 | 04/25/2023 | MONOGRAPH | |||||||
| CBU-MAIN LIBRARY, KITWE. | CBU-MAIN LIBRARY, KITWE. | 04/25/2023 | TD 215 Wor | 018087cMain Library | 04/25/2023 | 5 | 04/25/2023 | MONOGRAPH | |||||||
| CBU-SCHOOL TEXT BOOK COLLECTION | CBU-SCHOOL TEXT BOOK COLLECTION | 04/25/2023 | SCHOOL TEXTBOOK | 2680 | 04/25/2023 | 1 | 04/25/2023 | MONOGRAPH |